00454nam a2200133 a 450000100100000000500170001000800410002702000150006804000250008324500680010826000760017630000210025271000470027300003310420200930070030.0110817s20uu sp 000 spa d a8460572196 aDO-SdBNPbspacBNPHU00aPor la escuela pública :bhomenaje a Mariano Pérez Galán. aMadrid, España :bFundación Educativa y Asistencial cives,c[200?]. a353 p. ;c25 cm.2 aFundación Educativa y Asistencial cives,